| 000 | 00480nmm a2200169Ia 4500 | ||
|---|---|---|---|
| 008 | 251105s9999||||xx |||||||||||||||||und|| | ||
| 020 | _a9788496582248 | ||
| 041 | _aspa | ||
| 100 | _aTorres, Cipriano | ||
| 245 | 0 |
_aErnesto Alterio : _b el rigor del comediante |
|
| 264 |
_a[Madrid, España] : _bOcho y Medio, _c2006 |
||
| 300 | _a132 páginas | ||
| 490 | _aCautivos del mal | ||
| 650 | _aFilm studies | ||
| 856 | _uhttps://public.digitaliapublishing.com/a/347 | ||
| 942 | _cCF | ||
| 999 |
_c89998 _d89998 |
||